| 000 | 00427nam a2200169Ia 4500 | ||
|---|---|---|---|
| 008 | 230524s9999 xx 000 0 und d | ||
| 020 | _a9788120335660 | ||
| 082 |
_a658.4 _bDAV |
||
| 100 | _aFred R.David | ||
| 245 | 0 | _a"Strategic Management : Concepts And Cases, 12th ed." | |
| 250 | _a12TH | ||
| 260 |
_aNEW DELHI _bPHI _c2010 |
||
| 300 | _aXI;316 | ||
| 500 | _aQuantity Number: 2 | ||
| 650 | _aManagement | ||
| 942 | _cBK | ||
| 999 |
_c46776 _d46776 |
||